000 00704nam a22002297a 4500
003 0
005 20250426135013.0
008 250426b xxu||||| |||| 00| 0 eng d
020 _a9786214271368
050 _aTS 160
_b.B36 2023
100 _aBanaag, Francis B.
245 _aInventory management and control
_cFrancis B. Banaag
250 _asecond edition
260 _aManila
_bUnlimited Books Library Services & Publishing Inc.
_cc2023
300 _axiv, 224 pages ;
_c23cm.
504 _aIncludes bibliographical references.
650 _aInventory control.
650 _aMaterials management.
650 _aProduction management.
700 _aDucut, Rodolfo L.
942 _2lcc
_cBK
999 _c367416
_d367416